000 00497nam a22001937a 4500
003 OSt
005 20140310181803.0
008 130703t xxu||||| |||| 00| 0 eng d
020 _a0198601794
050 _aPL 327
_bOx98 1998
082 _aREF 403
_bOx2 1998
245 _aOxford crossword dictionary.
260 _aOxford :
_bOxford University Press
_cc1998
300 _a680 p. ;
_c23 cm.
521 _aBasic Ed. Students
541 _j1
562 _e1
942 _2lcc
_cBK-GR
_kREF
999 _c3676
_d3676